=LDR 00000nam 2200000 4500 =001 NUTBA000000000000336 =005 20140320163355.0 =006 =007 =008 =035 ##$$a 0010-031400000000335 =040 ##$$b Ind =090 ##$$a 616.83 $bSah $c p =100 ##$$a Shanti meita =245 ##$$a Penyakit saluran pencernaan =260 ##$$a yogyakarta $bKatahati $c2011 =300 ##$$a 169 hlm. $billus $c 21 cm. =650 ##$$a Terapi penyakit =850 ##$$a NBPNMAT =990 ##$$a 00087963 =990 ##$$a 90908/BPAP-NTB/2014